000 00348 a2200169 4500
001 191954
020 _a85-7153-093-9
040 _cMagnum
100 _aSimões, Maria Lúcia
240 1 0 _aContos contidos
_lpor
245 1 0 _aContos contidos
300 _a72
362 0 _a2006
440 1 _aRHJ
697 _aLITERATURA GERAL
942 _cBK
999 _c191954
_d191954